Revisión de la compressibilité du chlorure de methyle et poids moléculaire dé ce gaz / (Record no. 31043)

MARC details
000 -LEADER
campo de control de longitud fija 00562nam a2200169 i 4500
001 - NÚMERO DE CONTROL
campo de control 31043
003 - IDENTIFICADOR DE NÚMERO DE CONTROL
campo de control ES-MaACL
005 - FECHA Y HORA DE LA ÚLTIMA TRANSACCIÓN
campo de control 20230906154310.0
007 - CAMPO FIJO DE DESCRIPCIÓN FÍSICA--INFORMACIÓN GENERAL
campo de control de longitud fija t|
008 - DATOS DE LONGITUD FIJA--INFORMACIÓN GENERAL
campo de control de longitud fija 030128s1925 fr ||||1| fre d
100 1# - ENTRADA PRINCIPAL--NOMBRE DE PERSONA
Nombre de persona Batuecas, Tomás.
9 (RLIN) 26494
245 10 - MENCIÓN DEL TÍTULO
Título Revisión de la compressibilité du chlorure de methyle et poids moléculaire dé ce gaz /
Mención de responsabilidad, etc. note de T. Batuecas.
260 ## - PUBLICACIÓN, DISTRIBUCIÓN, ETC.
Lugar de publicación, distribución, etc. [S.l. :
Nombre del editor, distribuidor, etc. s.n.,
Fecha de publicación, distribución, etc. 1925] (
Lugar de fabricación/manufactura París :
Fabricante Gauthier-Villars)
300 ## - DESCRIPCIÓN FÍSICA
Extensión 3 h. ;
Dimensiones 27 cm.
500 ## - NOTA GENERAL
Nota general Es Separata de: Journal de Chimie Physique.
852 ## - LOCALIZACIÓN
Ubicación ES-MaACL
Número de control de estantería 1731-F-22
Holdings
Estatus retirado Estado de pérdida Estado de daño No para préstamo Colección Biblioteca de origen Biblioteca actual Ubicación en estantería Fecha de adquisición Fuente de adquisición Total de préstamos Signatura topográfica completa Código de barras Visto por última vez Precio de reemplazo Tipo de ítem Koha
        Colección de folletos Biblioteca del Ateneo de Madrid Biblioteca del Ateneo de Madrid Depósito folletos 17/01/2008     1731-F-22 1032070 23/02/2023 23/02/2023 Folleto